00640nam a2200193Ia 4500008004100000020001300041082001400054100002200068245006800090250000700158260003500165300002900200500001900229600003300248650001600281942000700297952012700304999001500431240925s9999 xx 000 0 und d a70612595 a519.5 STE aStephen, Larry J 0aSchaums Outline of Theory and Problems of Beginning Statistics  aNA aNew York:bMcGraw-Hillc,1998. axxv,609p.bNAfPhotocopy aIncludes Index aHumanities & Natural Science aMathematics cBK 001040708HUMaUITUbUITUd2007-11-03eStandard Booksg1225.99l0o519.5 STEpQ7201r2024-09-25 07:14:31w2024-09-25yBK c9700d9700